USHL CLARK CUP WINNERS (2024-2000) - Statistics

General Stats
  • This quiz has been taken 8 times
  • The average score is 17 of 23
Answer Stats
Hint Answer % Correct
2004-2005 Cedar Rapids Rough Riders
100%
2003-2004 Waterloo Blackhawks
100%
2020-2021 Chicago Steel
83%
2016-2017 Chicago Steel
83%
2005-2006 Des Moines Buccaneers
83%
2023-2024 Fargo Force
83%
2017-2018 Fargo Force
83%
2007-2008 Omaha Lancers
83%
2000-2001 Omaha Lancers
83%
2021-2022 Sioux City Musketeers
83%
2001-2002 Sioux City Musketeers
83%
2018-2019 Sioux Falls Stampede
83%
2014-2015 Sioux Falls Stampede
83%
2006-2007 Sioux Falls Stampede
83%
2022-2023 Youngstown Phantoms
83%
2012-2013 Dubuque fighting saints
67%
2010-2011 Dubuque fighting saints
67%
2011-2012 Green Bay Gamblers
67%
2009-2010 Green Bay Gamblers
67%
2002-2003 Lincoln Stars
67%
2015-2016 Tri-City Storm
67%
2013-2014 Indiana Ice
17%
2008-2009 Indiana Ice
17%
No matching quizzes found
Score Distribution
Percent of People with Each Score
Percentile by Number Answered
Your Score History
You have not taken this quiz